Statistiques concernant Leaders mondiaux n°2

Cliquez ici pour prendre le quiz!

Statistiques générales

  • Ce quiz a été pris 53 fois
  • Le résultat moyen est 11 sur 14

Statistiques - réponses

Leader de la. ..Pays% Correct
Bill ClintonÉtats-Unis
100%
Charles de GaulleFrance
100%
Francisco FrancoEspagne
98%
Hu JintaoChine
96%
Kim Il-sungCorée du Nord
96%
Margaret ThatcherRoyaume-Uni
96%
Eva PerónArgentine
92%
Haile SelassieEthiopie
81%
Josip Broz TitoYougoslavie
79%
Tarja HalonenFinlande
65%
Alberto FujimoriPerou
65%
Megawati SukarnoputriIndonesie
60%
Darius III (Codoman)Perse
33%
Lennart MeriEstonie
13%

Distribution des résultats

Percentile par nombre de réponses

% des personnes avec chaque résultat

Votre développement - résultats

Vous n’avez pas pris ce quiz